Attaquants passés par Manchester United pt.3 - Statistiques

Statistiques générales
  • Ce quiz a été pris 28 fois
  • Le résultat moyen est 8 sur 16
Statistiques - réponses
Par images Réponse % Correct
Marcus Rashford
100%
Wayne Rooney
100%
Jadon Sancho
96%
Nani
96%
Alexis Sanchez
88%
Facundo Pellistri
64%
Michael Owen
60%
Louis Saha
48%
Gabriel Obertan
40%
Mikaël Silvestre
24%
Shola Shoretire
20%
Charlie McNeill
16%
D'Mani Mellor
16%
Largie Ramazani
16%
Giuseppe Rossi
12%
Teddy Sheringham
12%
Aucun quiz correspondant
Distribution des résultats
% des personnes avec chaque résultat
Percentile par nombre de réponses
Votre historique - résultats
Vous n’avez pas pris ce quiz